| 000 | 01105nam a22002777a 4500 | ||
|---|---|---|---|
| 003 | OSt | ||
| 005 | 20221118123635.0 | ||
| 007 | cr |||a|c|a | ||
| 008 | 221109s2020 mx ||||fom||| 001 0 spa d | ||
| 040 | _erda | ||
| 100 | 1 |
_9185607 _aLimón de Jesús, Arturo |
|
| 245 | 1 |
_aEfectos bienestar de precios de garantía / _cpor Jesús Arturo Limón de; director de tesis Miguel Ángel Martínez Damián |
|
| 264 |
_aChapingo, México : _bEl autor, _c2020. |
||
| 300 |
_a1 recurso en línea (81 páginas). _cGráficas |
||
| 336 |
_2rdacontent _atexto _btxt |
||
| 337 |
_2rdamedia _acomputadora _bc |
||
| 338 |
_2rdacarrier _arecurso en línea _bcr |
||
| 502 |
_bMCEARN _cDICEA _d2020. |
||
| 504 | _aIncluye referencias bibliográficas: páginas 78-81 | ||
| 650 | 4 |
_971007 _aMaíz _xMercadeo |
|
| 650 | 0 |
_aMaíz _xCompetencia _9170092 |
|
| 650 | 4 |
_970865 _aMaíz _xAspectos económicos |
|
| 700 | 1 |
_971963 _aMartínez Damián, Miguel Ángel _eDirector de tesis |
|
| 856 |
_uhttp://10.13.5.2/tesis/tm/2020_EA_Limon_DeJesus_Arturo.pdf _zDESCARGAR PDF |
||
| 942 |
_2Clasificación Universidad Autónoma Chapingo _cTD |
||
| 999 |
_c217751 _d217751 |
||